Statystyki dla Piłkarze Romy

Kliknij tutaj aby rozwiązać quiz!

Ogólne statystyki

  • Ten quiz został rozwiązany 56 razy
    (17 od ostatniego zresetowania)
  • Średni wynik to 18 z 27

Statystyki odpowiedzi

PiłkarzNarodowośćPozycja% Poprawnych
Nicola ZalewskiPolskaPomocnik
100%
Paulo DybalaArgentynaNapastnik
92%
Romelu LukakuBelgiaNapastnik
92%
Rui PatrícioPortugaliaBramkarz
92%
Chris SmallingAngliaObrońca
85%
Gianluca ManciniWłochyObrońca
85%
Tammy AbrahamAngliaNapastnik
85%
Leonardo ParedesArgentynaPomocnik
77%
Lorenzo PellegriniWłochyPomocnik
77%
Sardan AzmounIranNapastnik
77%
Zeki ÇelikTurcjaObrońca
77%
Bryan CristanteWłochyPomocnik
69%
Diego LlorenteHiszpaniaObrońca
69%
Edoardo BoveWłochyPomocnik
69%
Leonardo SpinazzolaWłochyObrońca
69%
Mile SvilarSerbiaBramkarz
69%
Renato SanchesPortugaliaPomocnik
69%
Evan NdickaWKSObrońca
62%
Rick KarsdorpHolandiaObrońca
62%
Houssem AouarAlgeriaPomocnik
54%
Rasmus KristensenDaniaObrońca
54%
Stephan El ShaarawyWłochyNapastnik
54%
AngeliñoHiszpaniaObrońca
38%
Dejan HuijsenHolandiaObrońca
38%
Tommaso BaldanziWłochyPomocnik
31%
Pietro BoerWłochyBramkarz
15%
Riccardo PaganoWłochyPomocnik
8%

Rozkład punktacji

Percentyl według liczby udzielonych odpowiedzi

Procent ludzi z każdym wynikiem

Twoja historia wyników

Nie rozwiązałeś tego quizu od ostatniego zresetowania